[Event "Oberliga Ost-A 2122"]
[Site "Germany"]
[Date "2022.06.18"]
[Round "4.2"]
[White "Geiling, Christian"]
[Black "Cerveny, Martin"]
[Result "1-0"]
[WhiteElo "2174"]
[BlackElo "2400"]
[PlyCount "77"]
[EventDate "2021.10.10"]
[EventType "team-tourn"]
[EventRounds "11"]
[EventCountry "GER"]
[SourceTitle "EXT 2023"]
[Source "ChessBase"]
[SourceDate "2022.10.05"]
[SourceVersion "1"]
[SourceVersionDate "2022.10.05"]
[SourceQuality "1"]
[WhiteTeam "Leipzig VfB"]
[BlackTeam "Nickelhuette Aue"]
[WhiteTeamCountry "GER"]
[BlackTeamCountry "GER"]

1. d4 d5 2. c4 c6 3. Nf3 Nf6 4. Nc3 a6 5. e3 b5 6. b3 Bg4 7. Be2 e6 8. 0-0 Nbd7 9. Bb2 Qb8 10. Ne5 Bxe2 11. Qxe2 Nxe5 12. dxe5 Nd7 13. cxd5 cxd5 14. Rfd1 Be7 15. e4 d4 16. Rxd4 Nxe5 17. Rad1 0-0 18. Kh1 Qc7 19. f4 Nc6 20. Rd7 Qxf4 21. Nd5 exd5 22. exd5 Rae8 23. dxc6 Bf6 24. Qc2 Bxb2 25. Qxb2 Qe4 26. Qc3 b4 27. Qf3 Qxf3 28. gxf3 g6 29. c7 Rc8 30. R1d6 Kg7 31. Rxa6 Rfe8 32. Ra4 Kf6 33. Rxb4 Re1+ 34. Kg2 Ke6 35. Rbd4 Re2+ 36. Kg3 Rxa2 37. R4d6+ Ke5 38. f4+ Ke4 39. Re7+ 1-0

[Event "Oberliga Ost-A 1819"]
[Site "Germany"]
[Date "2019.02.02"]
[Round "6.3"]
[White "Stein, Robert"]
[Black "Geiling, Christian"]
[Result "1-0"]
[WhiteElo "2308"]
[BlackElo "2182"]
[PlyCount "143"]
[EventDate "2018.10.21"]
[EventType "team-tourn"]
[EventRounds "11"]
[EventCountry "GER"]
[SourceTitle "EXT 2020"]
[Source "ChessBase"]
[SourceDate "2019.10.17"]
[SourceVersion "1"]
[SourceVersionDate "2019.10.17"]
[SourceQuality "1"]
[WhiteTeam "Loeberitz"]
[BlackTeam "Leipzig VfB"]
[WhiteTeamCountry "GER"]
[BlackTeamCountry "GER"]

1. Nf3 Nf6 2. g3 g6 3. Bg2 Bg7 4. 0-0 0-0 5. d4 d6 6. b3 Nc6 7. Bb2 a6 8. Nbd2 Nd7 9. Nc4 Rb8 10. d5 Nce5 11. Ncxe5 Nxe5 12. Nxe5 dxe5 13. Qc1 Bg4 14. Qe3 f6 15. h3 Bd7 16. Rfd1 Qc8 17. Kh2 e6 18. c4 Rd8 19. Rac1 Bf8 20. Qc3 Be7 21. e3 exd5 22. cxd5 Bd6 23. Qc4 Rf8 24. Bc3 Bb5 25. Qh4 Qf5 26. Rd2 g5 27. Qh5 Qg6 28. Qd1 f5 29. Qc2 Bd7 30. Rh1 Rf7 31. Kg1 Rbf8 32. Qb2 Re8 33. a3 f4 34. Bb4 fxe3 35. fxe3 Bxb4 36. axb4 Qd6 37. Qc3 e4 38. Kh2 h5 39. Qc5 Qe5 40. Rc1 Bb5 41. d6 cxd6 42. Qxd6 Qg7 43. Qc5 Bc6 44. Qa5 Re5 45. Rd8+ Kh7 46. Rc5 Rff5 47. Rc8 Rxc5 48. bxc5 Rf7 49. Qd8 Rd7 50. Qe8 Rf7 51. Bxe4+ Bxe4 52. Qxe4+ Kh6 53. Qd4 Qxd4 54. exd4 Rd7 55. Rb8 Rxd4 56. Rxb7 Rd2+ 57. Kg1 Kg6 58. Rb6+ Kf5 59. Rxa6 Ke4 60. b4 Rb2 61. Ra4 Kf3 62. Ra3+ Ke4 63. c6 Rxb4 64. Rc3 Rb8 65. c7 Rc8 66. Rc5 h4 67. g4 Kd4 68. Rc1 Ke5 69. Kf2 Ke4 70. Ke2 Kf4 71. Rc3 Ke4 72. Kd2 1-0

[Event "Oberliga Ost-A 1819"]
[Site "Germany"]
[Date "2018.10.21"]
[Round "1.3"]
[White "Geiling, Christian"]
[Black "Cerveny, Martin"]
[Result "0-1"]
[WhiteElo "2182"]
[BlackElo "2329"]
[PlyCount "90"]
[EventDate "2018.10.21"]
[EventType "team-tourn"]
[EventRounds "11"]
[EventCountry "GER"]
[SourceTitle "EXT 2020"]
[Source "ChessBase"]
[SourceDate "2019.10.17"]
[SourceVersion "1"]
[SourceVersionDate "2019.10.17"]
[SourceQuality "1"]
[WhiteTeam "Leipzig VfB"]
[BlackTeam "Aue Nickelhuette II"]
[WhiteTeamCountry "GER"]
[BlackTeamCountry "GER"]

1. d4 d6 2. e4 Nf6 3. Nc3 e5 4. dxe5 dxe5 5. Qxd8+ Kxd8 6. Bc4 Be6 7. Bxe6 fxe6 8. Nf3 Bd6 9. Be3 a6 10. 0-0-0 Ke7 11. h3 b5 12. a3 Nbd7 13. Nd2 Rhb8 14. g3 a5 15. Ne2 a4 16. f4 b4 17. axb4 Rxb4 18. c3 Rb7 19. Rhe1 Rab8 20. Nc4 Nxe4 21. fxe5 Nxe5 22. Nxe5 Bxe5 23. Nd4 Bxd4 24. Bxd4 Nxg3 25. Bc5+ Kf6 26. Rd2 Nf5 27. Re4 Rb5 28. Ba3 Ra8 29. Rd7 Ra7 30. Rc4 Rd5 31. Rdxc7 Ne3 32. Be7+ Kf5 33. Kb1 Rd1+ 34. Ka2 Nc2 35. b4 Rxc7 36. Rxc7 Rd2 37. Kb1 Ne3 38. b5 Nd5 39. Rc5 Ke4 40. Bf8 Rg2 41. Rc6 Kd3 42. Bb4 a3 43. Rxe6 Kc4 44. Bxa3 Nxc3+ 45. Kc1 Kb3 0-1

[Event "Oberliga Ost-A 1011"]
[Site "Germany"]
[Date "2011.02.27"]
[Round "8.3"]
[White "Reipsch, Jens"]
[Black "Geiling, Christian"]
[Result "1-0"]
[WhiteElo "2244"]
[BlackElo "2172"]
[PlyCount "41"]
[EventDate "2010.10.24"]
[EventType "team-tourn"]
[EventRounds "11"]
[EventCountry "GER"]
[SourceTitle "EXT 2012"]
[Source "ChessBase"]
[SourceDate "2011.11.24"]
[SourceVersion "1"]
[SourceVersionDate "2011.11.24"]
[SourceQuality "1"]
[WhiteTeam "Halle USV"]
[BlackTeam "Leipzig VfB"]
[WhiteTeamCountry "GER"]
[BlackTeamCountry "GER"]

1. e4 c5 2. Nf3 e6 3. d4 cxd4 4. Nxd4 a6 5. c4 Nf6 6. Bd3 d6 7. 0-0 b6 8. Nc3 Bb7 9. Qe2 Nbd7 10. f4 Qc7 11. Bd2 Be7 12. b4 0-0 13. Rac1 Rfe8 14. f5 exf5 15. Nxf5 Nf8 16. Nd5 Bxd5 17. cxd5 Qd8 18. Bg5 b5 19. Qf2 Nxe4 20. Nh6+ Kh8 21. Bxe4 1-0

[Event "Oberliga Ost-A 1011"]
[Site "Germany"]
[Date "2011.02.05"]
[Round "6.4"]
[White "Graf, Roland"]
[Black "Geiling, Christian"]
[Result "0-1"]
[WhiteElo "2185"]
[BlackElo "2172"]
[PlyCount "68"]
[EventDate "2010.10.24"]
[EventType "team-tourn"]
[EventRounds "11"]
[EventCountry "GER"]
[SourceTitle "EXT 2012"]
[Source "ChessBase"]
[SourceDate "2011.11.24"]
[SourceVersion "1"]
[SourceVersionDate "2011.11.24"]
[SourceQuality "1"]
[WhiteTeam "Hoyerswerda"]
[BlackTeam "Leipzig VfB"]
[WhiteTeamCountry "GER"]
[BlackTeamCountry "GER"]

1. d4 Nf6 2. Bf4 c5 3. e3 Qb6 4. Nc3 d6 5. dxc5 Qxc5 6. Nf3 g6 7. Be2 Bg7 8. Nd4 Bd7 9. 0-0 0-0 10. Bf3 Qc8 11. Bg5 Re8 12. Nd5 Nxd5 13. Bxd5 Nc6 14. c3 a6 15. Nxc6 bxc6 16. Bb3 c5 17. Bc4 Rb8 18. Qe2 Bb5 19. Rab1 Qf5 20. Bf4 Bxc3 21. g4 Bxc4 22. Qxc4 Qxg4+ 23. Kh1 Be5 24. f3 Qh4 25. a3 Bxf4 26. exf4 Qf6 27. Rf2 Qd4 28. Qxd4 cxd4 29. Rd1 e5 30. f5 Kg7 31. f4 f6 32. Rc2 Rec8 33. Rdc1 d3 34. Rxc8 Rxc8 0-1

[Event "Oberliga Ost-A 1011"]
[Site "Germany"]
[Date "2010.11.14"]
[Round "3.4"]
[White "Geiling, Christian"]
[Black "Niering, Martin"]
[Result "1/2-1/2"]
[WhiteElo "2172"]
[BlackElo "2165"]
[PlyCount "116"]
[EventDate "2010.10.24"]
[EventType "team-tourn"]
[EventRounds "11"]
[EventCountry "GER"]
[SourceTitle "EXT 2012"]
[Source "ChessBase"]
[SourceDate "2011.11.24"]
[SourceVersion "1"]
[SourceVersionDate "2011.11.24"]
[SourceQuality "1"]
[WhiteTeam "Leipzig VfB"]
[BlackTeam "Magdeburg Rochade"]
[WhiteTeamCountry "GER"]
[BlackTeamCountry "GER"]

1. c4 Nf6 2. Nf3 e6 3. g3 d5 4. Bg2 Be7 5. d4 c6 6. Qc2 0-0 7. 0-0 Nbd7 8. b3 Ne4 9. Ba3 Re8 10. Bxe7 Qxe7 11. Ne5 Nd6 12. Nd2 Nf8 13. e4 f6 14. Nd3 dxe4 15. Nxe4 Nf5 16. d5 e5 17. Rac1 Nd4 18. Qb2 Bg4 19. f3 Bh5 20. d6 Qd8 21. c5 Nfe6 22. Rf2 b6 23. b4 bxc5 24. bxc5 Rb8 25. Qa3 a5 26. Nd2 Bg6 27. Bf1 Ng5 28. h4 Ngxf3+ 29. Nxf3 Nxf3+ 30. Rxf3 e4 31. Rf2 exd3 32. Bxd3 Rb4 33. Bxg6 hxg6 34. Qd3 f5 35. Rc4 Re4 36. Rxb4 axb4 37. Re2 Qa5 38. Rxe4 fxe4 39. Qc4+ Kf8 40. Kf2 Qa3 41. Qb3 Qc1 42. Qxb4 Qc2+ 43. Ke1 Qc1+ 44. Ke2 Qc2+ 45. Qd2 Qc4+ 46. Ke1 Ke8 47. Qe3 Kd7 48. g4 Qb4+ 49. Kf2 Qb2+ 50. Kg3 Qe5+ 51. Kh3 Qd5 52. Kg3 Qe5+ 53. Kg2 Qe6 54. Kg3 Qe5+ 55. Kf2 Qb2+ 56. Kf1 Qa1+ 57. Qe1 Qd4 58. Qf2 Qd1+ 1/2-1/2

[Event "Oberliga Ost-A 0910"]
[Site "Germany"]
[Date "2009.11.15"]
[Round "3.3"]
[White "Geiling, Christian"]
[Black "Kesik, Klaus Dieter"]
[Result "1-0"]
[WhiteElo "2160"]
[BlackElo "2230"]
[PlyCount "75"]
[EventDate "2009.10.18"]
[EventType "team-tourn"]
[EventRounds "11"]
[EventCountry "GER"]
[SourceTitle "EXT 2011"]
[Source "ChessBase"]
[SourceDate "2010.11.26"]
[SourceVersion "1"]
[SourceVersionDate "2010.11.26"]
[SourceQuality "1"]
[WhiteTeam "Leipzig VfB"]
[BlackTeam "Hoyerswerda"]
[WhiteTeamCountry "GER"]
[BlackTeamCountry "GER"]

1. d4 Nf6 2. c4 g6 3. Nc3 Bg7 4. e4 d6 5. f4 0-0 6. Nf3 Na6 7. Bd3 c5 8. d5 e6 9. dxe6 Bxe6 10. f5 Bd7 11. Bg5 Nc7 12. 0-0 Bc6 13. Qd2 Qd7 14. Bh6 Rae8 15. Bxg7 Kxg7 16. Rae1 b5 17. Nd5 Bxd5 18. cxd5 Qd8 19. Qg5 h6 20. Qg3 Nh5 21. Qg4 Nf6 22. Qh3 c4 23. Bb1 b4 24. Nh4 g5 25. Nf3 Nb5 26. Qg3 Nd7 27. f6+ Qxf6 28. Nh4 Qd4+ 29. Kh1 Re5 30. Nf5+ Rxf5 31. Rxf5 f6 32. Qh3 Qd2 33. Ref1 Ne5 34. Rxe5 fxe5 35. Qd7+ Kg6 36. Qe6+ Kg7 37. Qe7+ Kg6 38. Qxf8 1-0

[Event "Baunatal op 8th"]
[Site "Baunatal"]
[Date "2002.08.11"]
[Round "7"]
[White "Geiling, Christian"]
[Black "Rotstein, Jefim"]
[Result "1-0"]
[WhiteElo "2131"]
[BlackElo "2376"]
[PlyCount "103"]
[EventDate "2002.08.09"]
[EventType "swiss"]
[EventRounds "7"]
[EventCountry "GER"]
[SourceTitle "EXT 2003"]
[Source "ChessBase"]
[SourceDate "2002.11.25"]
[SourceVersion "1"]
[SourceVersionDate "2002.11.25"]
[SourceQuality "1"]

1. e4 c5 2. Nf3 e6 3. d4 cxd4 4. Nxd4 Nf6 5. Bd3 Nc6 6. Nxc6 dxc6 7. 0-0 e5 8. h3 Be7 9. Be3 0-0 10. Qe2 Be6 11. Nd2 b5 12. a4 a6 13. c4 b4 14. Nb3 Nd7 15. Rfd1 c5 16. Qc2 Qc7 17. Be2 Rfd8 18. Bg4 Bxg4 19. hxg4 Nf8 20. Rd5 Ne6 21. Rad1 Nd4 22. Bxd4 exd4 23. Nc1 Rxd5 24. cxd5 Qd7 25. f3 Bg5 26. Ne2 Be3+ 27. Kf1 Qc7 28. g3 c4 29. Nxd4 Qxg3 30. Qg2 Qc7 31. Qe2 Bf4 32. Nc6 c3 33. Nxb4 cxb2 34. Qxb2 h5 35. Qc2 Qe7 36. Nd3 Be3 37. gxh5 Qd7 38. Qc6 Qh3+ 39. Ke2 Rc8 40. Kxe3 Rxc6 41. dxc6 Qc8 42. Nb4 Qf8 43. Nxa6 Qa3+ 44. Kf4 Kh7 45. c7 Qc3 46. Rd8 Qc1+ 47. Kf5 Qh1 48. c8Q Qxh5+ 49. Kf4 Qh2+ 50. Ke3 Qg1+ 51. Kd2 Qf2+ 52. Kc1 1-0

[Event "Baunatal op 8th"]
[Site "Baunatal"]
[Date "2002.08.10"]
[Round "3"]
[White "Geiling, Christian"]
[Black "Geiger, Michael"]
[Result "1-0"]
[WhiteElo "2131"]
[BlackElo "1878"]
[PlyCount "49"]
[EventDate "2002.08.09"]
[EventType "swiss"]
[EventRounds "7"]
[EventCountry "GER"]
[SourceTitle "EXT 2003"]
[Source "ChessBase"]
[SourceDate "2002.11.25"]
[SourceVersion "1"]
[SourceVersionDate "2002.11.25"]
[SourceQuality "1"]

1. d4 Nf6 2. c4 d6 3. Nc3 g6 4. e4 Bg7 5. f4 c5 6. d5 0-0 7. Nf3 b5 8. e5 dxe5 9. Nxb5 a6 10. Nc3 exf4 11. Bxf4 e6 12. Qd2 exd5 13. cxd5 Re8+ 14. Be2 Bb7 15. Rd1 Nbd7 16. 0-0 Qb6 17. Bc4 Ne4 18. Nxe4 Rxe4 19. b3 Nf6 20. d6 Bf8 21. Ng5 Rd4 22. Qf2 Ng4 23. Qh4 h5 24. Bxf7+ Kh8 25. Bxg6 1-0

[Event "Baunatal op 8th"]
[Site "Baunatal"]
[Date "2002.08.10"]
[Round "4"]
[White "Geiling, Christian"]
[Black "Khanukov, Boris"]
[Result "1-0"]
[WhiteElo "2131"]
[BlackElo "2354"]
[PlyCount "89"]
[EventDate "2002.08.09"]
[EventType "swiss"]
[EventRounds "7"]
[EventCountry "GER"]
[SourceTitle "EXT 2003"]
[Source "ChessBase"]
[SourceDate "2002.11.25"]
[SourceVersion "1"]
[SourceVersionDate "2002.11.25"]
[SourceQuality "1"]

1. e4 g6 2. d4 Bg7 3. f4 d5 4. e5 h5 5. c3 Nh6 6. Qb3 0-0 7. Na3 b6 8. Nc2 c5 9. Ne3 Be6 10. Nf3 Nc6 11. Bb5 Na5 12. Qd1 Nf5 13. 0-0 Rc8 14. Bd3 Nxe3 15. Bxe3 Qd7 16. Nh4 Bg4 17. Qe1 cxd4 18. cxd4 e6 19. f5 Bxf5 20. Bxf5 exf5 21. Qg3 Rc6 22. Bg5 Nc4 23. Nxf5 Re8 24. Nxg7 Kxg7 25. b3 Na3 26. Rf4 f5 27. exf6+ Kf7 28. Rff1 Nb5 29. Rae1 Rce6 30. Be3 Re4 31. Qg5 Rh8 32. h3 h4 33. Bf2 Rh5 34. Qd2 Nd6 35. Rc1 Rf5 36. Qh6 g5 37. Rc7 Qxc7 38. Qh7+ Ke6 39. Qxc7 Rxf6 40. Qxa7 b5 41. Qg7 Nf7 42. a4 bxa4 43. bxa4 Re2 44. a5 Ke7 45. Be1 1-0

[Event "Leipzig VfB op 08th"]
[Site "Leipzig"]
[Date "2001.02.25"]
[Round "9"]
[White "Geiling, Christian"]
[Black "Ziese, Gerhard"]
[Result "1-0"]
[WhiteElo "2049"]
[BlackElo "2168"]
[PlyCount "87"]
[EventDate "2001.02.20"]
[EventType "swiss"]
[EventRounds "9"]
[EventCountry "GER"]
[SourceTitle "EXT 2008"]
[Source "ChessBase"]
[SourceDate "2007.11.25"]
[SourceVersion "1"]
[SourceVersionDate "2007.11.25"]
[SourceQuality "1"]

1. d4 Nf6 2. Nf3 c5 3. d5 d6 4. c4 b5 5. Qc2 bxc4 6. Nc3 g6 7. e4 Nbd7 8. Nd2 Bg7 9. Nxc4 0-0 10. Be2 Nb6 11. 0-0 Nxc4 12. Bxc4 Nd7 13. Rb1 a5 14. a4 Nb6 15. Be2 Ba6 16. Bxa6 Rxa6 17. b3 Ra8 18. Nb5 Qd7 19. Be3 Rfb8 20. Rfc1 Nc8 21. Bd2 Qd8 22. Qd1 Nb6 23. Na3 Rb7 24. Qe1 Nd7 25. Nc4 Rba7 26. f4 Qc7 27. Na3 Qd8 28. Nb5 Rb7 29. Rc2 Qb6 30. Kh1 Qd8 31. Rd1 Qb6 32. h3 Qd8 33. Bc3 Bxc3 34. Qxc3 Qb8 35. Re2 f6 36. h4 Qf8 37. Qh3 Qf7 38. Re3 Nb6 39. Rc1 c4 40. Nd4 cxb3 41. Rxb3 f5 42. Rcb1 Qe8 43. Nc6 Nxd5 44. Rxb7 1-0

[Event "Leipzig VfB op 08th"]
[Site "Leipzig"]
[Date "2001.02.22"]
[Round "5"]
[White "Geiling, Christian"]
[Black "Pichl, Uwe Rolf"]
[Result "1-0"]
[WhiteElo "2049"]
[BlackElo "1709"]
[PlyCount "71"]
[EventDate "2001.02.20"]
[EventType "swiss"]
[EventRounds "9"]
[EventCountry "GER"]
[SourceTitle "EXT 2008"]
[Source "ChessBase"]
[SourceDate "2007.11.25"]
[SourceVersion "1"]
[SourceVersionDate "2007.11.25"]
[SourceQuality "1"]

1. d4 Nf6 2. c4 d6 3. Nc3 g6 4. e4 Bg7 5. Nf3 Nbd7 6. Be2 e5 7. 0-0 0-0 8. Be3 Re8 9. Qc2 exd4 10. Nxd4 Nc5 11. f3 c6 12. Rad1 Ne6 13. b4 Nxd4 14. Bxd4 Qc7 15. Qb2 Nh5 16. Na4 Bxd4+ 17. Qxd4 Nf4 18. Rfe1 Nxe2+ 19. Rxe2 Be6 20. Nc3 Qb6 21. c5 dxc5 22. bxc5 Qc7 23. Red2 Re7 24. Qf6 Ree8 25. Rd6 Qa5 26. Qd4 Rac8 27. e5 b6 28. Ne4 Kg7 29. Nf6 Rh8 30. Qf4 Qxc5+ 31. Kh1 Rhf8 32. Qg5 h6 33. Nh5+ Kh7 34. Qf6 gxh5 35. Rxe6 Qe3 36. f4 1-0

[Event "Leipzig VfB op 08th"]
[Site "Leipzig"]
[Date "2001.02.21"]
[Round "3"]
[White "Geiling, Christian"]
[Black "Ehrhardt, Eric"]
[Result "1/2-1/2"]
[WhiteElo "2049"]
[BlackElo "1581"]
[PlyCount "30"]
[EventDate "2001.02.20"]
[EventType "swiss"]
[EventRounds "9"]
[EventCountry "GER"]
[SourceTitle "EXT 2008"]
[Source "ChessBase"]
[SourceDate "2007.11.25"]
[SourceVersion "1"]
[SourceVersionDate "2007.11.25"]
[SourceQuality "1"]

1. e4 e5 2. f4 d5 3. Nc3 dxe4 4. fxe5 Bf5 5. d4 Bb4 6. Bc4 Nc6 7. Nge2 Qh4+ 8. g3 Qg4 9. 0-0 0-0-0 10. Rf4 Qg6 11. Qf1 Nh6 12. a3 Ba5 13. Bd5 Bxc3 14. Bxc6 Bxd4+ 15. Nxd4 Rxd4 1/2-1/2